| 000 | 01150pam a2200301 a 4500 | ||
|---|---|---|---|
| 001 | 2469794 | ||
| 003 | OSt | ||
| 005 | 20160418155842.0 | ||
| 008 | 901129s1991 enka b 001 0 eng | ||
| 010 | _a 90026471 | ||
| 020 | _a0521362296 (hardback) | ||
| 020 | _a0521368030 (paperback) | ||
| 040 |
_aDLC _cDLC _dDLC |
||
| 050 | 0 | 0 |
_aQC760 _b.C674 1991 |
| 082 | 0 | 0 |
_a537 _220 _bCOT 1991 |
| 100 | 1 |
_aCottingham, W. N. _98016 |
|
| 245 | 1 | 0 |
_aElectricity and magnetism / _cW.N. Cottingham, D.A. Greenwood. |
| 260 |
_aCambridge ; _aNew York : _bCambridge University Press, _c1991. |
||
| 300 |
_axvii, 197 p. : _bill. ; _c24 cm. |
||
| 504 | _aIncludes bibliographical references (p. 176) and index. | ||
| 650 | 0 |
_aElectromagnetism. _93955 |
|
| 700 | 1 |
_aGreenwood, D. A. _98017 |
|
| 856 | 4 | 2 |
_3Publisher description _uhttp://www.loc.gov/catdir/description/cam024/90026471.html |
| 856 | 4 | 1 |
_3Table of contents _uhttp://www.loc.gov/catdir/toc/cam021/90026471.html |
| 906 |
_a7 _bcbc _corignew _d1 _eocip _f19 _gy-gencatlg |
||
| 942 |
_2ddc _cSLOAN |
||
| 999 |
_c3590 _d3590 |
||